Blastomykosis purulenta profunda (Busse—Buschke) esete

Elmentve itt :
Bibliográfiai részletek
Szerző: Dósa András
Dokumentumtípus: Cikk
Megjelent: 1938
Sorozat:Kolligátum
Kulcsszavak:Bőrgyógyászat
Online Access:http://misc.bibl.u-szeged.hu/24914
LEADER 00548nab a2200169 i 4500
001 misc24914
005 20191108150241.0
008 170929s1938 hu o 0|| zxx d
040 |a SZTE Miscellanea Repozitórium  |b hun 
041 |a zxx 
100 1 |a Dósa András 
245 1 0 |a Blastomykosis purulenta profunda (Busse—Buschke) esete  |h [elektronikus dokumentum] /  |c  Dósa András 
260 |c 1938 
300 |a 1-6 
490 0 |a Kolligátum 
695 |a Bőrgyógyászat 
856 4 0 |u http://misc.bibl.u-szeged.hu/24914/1/014_002_001-006b.pdf  |z Dokumentum-elérés